000 00978nam a2200253 a 4500
003 MX-MxUPN
005 20240410063725.0
008 991125s1909 mx br 000 0 spa u
035 _aUPN01000033990
040 _aMX-MxUPN
_bspa
041 0 _aspa
050 4 _aLB1585 M6.2
_bL6.4
100 1 _aLeón, Luis G.,
_d1866-1913
_928986
245 1 0 _aLecciones de cosas, seres y fenómenos para los alumnos del segundo año de educación primaria elemental
260 _aMéxico :
_bLibrería de la Vda. de Ch. Bouret,
_c1909.
300 _a107 páginas :
_bilustraciones
506 _aAcceso abierto.
530 _aTambién disponible en línea.
536 _aLibros de texto digitalizados bajo el patrocinio del Instituto Georg-Eckert.
650 4 _aCiencias naturales
_xEstudio y enseñanza (Elemental)
_92812
856 4 0 _uhttp://200.23.113.51/pdf/librosdetexto/122803LeonLeccionesdecosasseresyfenomenos.pdf
902 _bVíctorGodínez/091123
942 _2lcc
_cLIBRO
999 _c33990
_d33990